A Series of Unfortunate Events: The Reptile Room (Record no. 322501)

000 -LEADER
fixed length control field 00380nam a2200145 4500
020 ## - ISBN
ISBN 9781405266079
082 ## - 索书号 Call Number
分类号Classification number F3
作者号 Author number LEM
100 ## - 作者
作者 Lemony Snicket
245 ## - 书名 TITLE
书名Title A Series of Unfortunate Events: The Reptile Room
250 ## - 版本 EDITION STATEMENT
版本叙述 Edition statement 1st
260 ## - 出版项PUBLICATION, DISTRIBUTION, ETC. (IMPRINT)
出版地 Place of publication Great Britain
出版社 Name of publisher Farshore
出版日期 Date of publication 2001
300 ## - 稽核项 PHYSICAL DESCRIPTION
页数 Number of Pages 224 pages
尺寸 Dimensions 13 x 19cm
490 ## - 集丛项 SERIES STATEMENT
集丛题名 Series statement A Series of Unfortunate Events
集丛号 Volume number/sequential designation 02
942 ## - ADDED ENTRY ELEMENTS (KOHA)
Koha item type Books
Holdings
Source of classification or shelving scheme Not for loan Collection code Permanent Location Current Location Shelving location Date acquired Source of acquisition Cost, normal purchase price Full call number Barcode Cost, replacement price Koha item type
    Fiction LIBRARY CHUNG HWA HIGH SCHOOL MUAR LIBRARY CHUNG HWA HIGH SCHOOL MUAR 二楼英文文学区 2nd Floor English Fiction Area 2026-01-21 47.90 F3 LEM v.02 049863 95.80 Books

Powered by Koha